000 01051nam a22002777a 4500
005 20170920020001.0
008 131030b2013 ck il | |||| 00| 0 spa d
020 _a9789587615395
040 _aCO-BoIAVH
_cCO-BoIAVH
041 _aspa
044 _ack
082 _a584.5
_bC21c3
100 _aVallejo-Joyas, Martha Isabel
_d1973 -
245 _aCartilla para el aprovechamiento de palmito de la palma naidí (Euterpe oleracea)
_cMartha Isabel Vallejo ... [et al].
260 _aBogotá
_bUniversidad Nacional de Colombia. Facultad de Ciencias. Instituto de Ciencias Naturales.
_c2013
300 _a36 p.
_bil.
_c21 cm
650 _aPalmas
650 _aArecaceae
650 _aPalmito como alimento
650 _aPalmas
651 _xcultivo
_zPacífico (Región)
_zColombia
700 _aGaleano-Garcés, Gloria Amparo
_d1958 -
700 _aBernal-González, Rodrigo Germán
_d1959 -
710 _aComunidades Afrodescendientes de Guapi e Iscuandé
942 _2ddc
_cImpreso
_02
999 _c7701
_d7701